Statistics for Bake blueberry Muffins

Click here to take the quiz!

General Stats

  • This quiz has been taken 23 times
  • The average score is 7 of 8

Answer Stats

HintAnswer% Correct
1 1/2 cupsAll-purpose flour
100%
1/3 cupMilk
100%
3/4 cupsWhite sugar
100%
1 CupFresh blueberries
95%
2 teaspoonsBaking powder
85%
1Egg
85%
1/2 teapsoonSalt
80%
1/3 cupVegetable Oil
40%

Score Distribution

Percentile by Number Answered

Percent of People with Each Score

Your Score History

You have not taken this quiz